000 00567nam a2200181Ia 4500
008 151018s9999 xx 000 0 und d
082 _bRBASDV63809
_a625.1
100 _aदिनेश पाठक
245 _aभारतीय रेल
250 _b1
260 _b"जान्हवी प्रकाशन,दिल्ली "
_c2012
300 _a128
600 _aदिनेश पाठक
630 _aभारतीय रेल
700 _aदिनेश पाठक
730 _aभारतीय रेल
942 _cBOOK
999 _c1056150
_d1056147